00193nam a2200073Ia 4500008004100000050002700041100001900068245003200087230915s9999 xx 000 0 und d aTK 911.3 .M 27186 2009 aLUNDBERG,CRAIG 4aTHE HOSPITALITY CASE MANUAL